US Presidents Born in the 19th Century Quiz Stats

 Plays Quiz Updated Mar 9, 2018

Score 0/19 Timer 05:00
2 Plays Today
% Correct
Ulysses S. Grant
87.5%
Grover Cleveland
85.4%
Calvin Coolidge
85.3%
James A. Garfield
84.7%
Abraham Lincoln
84.6%
Warren G. Harding
83.2%
Herbert Hoover
82.9%
Theodore Roosevelt
82.7%
Rutherford B. Hayes
82.4%
William McKinley
81.9%
% Correct
Franklin D. Roosevelt
78.1%
William Howard Taft
77.9%
Chester A. Arthur
76.5%
Benjamin Harrison
73.6%
Dwight D. Eisenhower
71.6%
Woodrow Wilson
71.2%
Andrew Johnson
70.2%
Harry S. Truman
61.9%
Franklin Pierce
50.2%

You're not logged in!

Compare scores with friends on all Sporcle quizzes.
OR
Log In

Show Comments

Extras

Top Quizzes Today


Score Distribution

Your Account Isn't Verified!

In order to create a playlist on Sporcle, you need to verify the email address you used during registration. Go to your Sporcle Settings to finish the process.

Report this User

Report this user for behavior that violates our Community Guidelines.

Details: